| 000 | 00667nam a2200193Ia 4500 | ||
|---|---|---|---|
| 008 | 151121s9999||||xx |||||||||||||| ||und|| | ||
| 082 | _a818/ शेवाळक | ||
| 082 | _bHNW-74433 | ||
| 100 | _aशेवाळकर राम | ||
| 245 | _aरुपे तीर्थरुपांची | ||
| 260 | _b"चेतश्री प्रकाशन, अंमळनेर" | ||
| 260 | _c-- | ||
| 300 | _a308 | ||
| 600 | _aशेवाळकर राम | ||
| 630 | _aरुपे तीर्थरुपांची | ||
| 700 | _aशेवाळकर राम | ||
| 730 | _aरुपे तीर्थरुपांची | ||
| 942 | _cBOOK | ||
| 999 |
_c1255883 _d1255880 |
||